BADA dealers see improved trading climate (Record no. 107136)

MARC details
000 -LEADER
fixed length control field 00803cab a22001935a 4500
001 - CONTROL NUMBER
control field L138343
008 - FIXED-LENGTH DATA ELEMENTS--GENERAL INFORMATION
fixed length control field 070531e2007 xxk f 000 0 eng d
035 ## - SYSTEM CONTROL NUMBER
System control number (Sirsi) u138343
041 0# - LANGUAGE CODE
Language code of text/sound track or separate title eng
245 00 - TITLE STATEMENT
Title BADA dealers see improved trading climate
260 ## - PUBLICATION, DISTRIBUTION, ETC.
Date of publication, distribution, etc. 2007
490 #0 - SERIES STATEMENT
Series statement Antiques Trade Gazette
Volume/sequential designation (1791) 26 May 2007, 2-3(2)
520 ## - SUMMARY, ETC.
Summary, etc. Discusses the findings form the annual British Antique Dealers' Association Members' Poll, which reported an increased turnover of sales in 2006. Reports that turnover sales vary according to location and speciality, with London and Oriental dealers showing the greatest improvement.
590 ## - LOCAL NOTE (RLIN)
Local note KA
650 24 - SUBJECT ADDED ENTRY--TOPICAL TERM
Topical term or geographic name entry element BRITISH ANTIQUE DEALERS ASSOCIATION MEMBERS POLL
651 #4 - SUBJECT ADDED ENTRY--GEOGRAPHIC NAME
Geographic name United Kingdom
Chronological subdivision
690 ## - LOCAL SUBJECT ADDED ENTRY--TOPICAL TERM (OCLC, RLIN)
Topical term or geographic name as entry element Arts and antiques
9 (RLIN) 6217
942 ## - ADDED ENTRY ELEMENTS (KOHA)
Suppress in OPAC 0
Holdings
Withdrawn status Lost status Source of classification or shelving scheme Damaged status Not for loan Home library Current library Shelving location Date acquired Total Checkouts Full call number Barcode Date last seen Copy number Price effective from Koha item type
    Dewey Decimal Classification     London London Journal article 31/05/2007   L138343 138343-1001 06/08/2019 1 06/08/2019 Journal article